000 00331cam a22000977a 4500
008 180718b1995 xxu||||| |||| 00| 0 eng d
100 _aVagmai,SriRam Sharma Aacharya
245 _aBhatiya sanskriti ke aadharbhut tattva
_cby SriRam Sharma Aacharya Vagmai
260 _aMathura
_bAkhand Jyoti Sansthan
_c1995
650 _aBhatiya sanskriti
999 _c439025
_d439025